000 00337nam a2200145 a 4500
008 990525s1973||||xx 0 und c
040 _aSNK
_bslo
_cSNK
_eAACR2
100 1 _aDumas, Alexandre
245 1 0 _aJoseph Balsamo 2
260 _aBratislava
_bPravda
_c1973
300 _a726 s.
020 _c42
044 _axo
_cSK
041 _aslo
999 _c10366
_d10366